|
|
|
|
| LEADER |
00000nab a2200000 a 4500 |
| 001 |
vtls009481965 |
| 003 |
SK-MaSNL |
| 005 |
20260304171308.0 |
| 008 |
250507c2008 xo mr|p|||| |000 b|slo |
| 015 |
|
|
|a SNBRB2009/03
|
| 035 |
|
|
|a (uuid)48da2424-cc7f-4b0c-bac7-845f82ab136d
|
| 035 |
|
|
|a urn:nbn:sk:snk-abc4l9
|
| 035 |
|
|
|a (urnnbn)urn:nbn:sk:snk:ar-001jqs
|
| 038 |
|
|
|a SPK
|
| 040 |
|
|
|a SNKBUCL
|b slo
|c SNKBUCL
|e AACR2
|
| 041 |
0 |
|
|a slo
|
| 044 |
|
|
|a xo
|c SK
|
| 072 |
|
7 |
|a 17
|x Etika. Morálna filozofia
|2 konspekt
|
| 072 |
|
7 |
|a 316.3
|x Globálne spoločnosti. Sociálna štruktúra. Sociálne skupiny
|2 konspekt
|
| 080 |
|
|
|a 178.1
|2 2001
|
| 080 |
|
|
|a 316.356.2
|2 2001
|
| 245 |
0 |
0 |
|a Alkohol v rodine
|c [autor] - r + ZATL -
|
| 300 |
|
|
|b Fotogr.
|
| 650 |
0 |
7 |
|a rodina
|2 snkbucl
|9 4138
|
| 650 |
0 |
7 |
|a alkoholizmus
|2 snkbucl
|9 14184
|
| 650 |
0 |
7 |
|a alkoholici
|2 snkbucl
|9 4881
|
| 650 |
0 |
7 |
|a rodinné vzťahy
|2 snkbucl
|9 3865
|
| 773 |
0 |
|
|t Rodina a škola
|g Roč. 56, č. 9 (2008), s. 10
|x 0231-6463
|
| 850 |
|
|
|a Slovenská národná knižnica
|
| 852 |
|
|
|a Slovenská národná knižnica
|
| 954 |
|
|
|a odborná, vedecká literatúra pôvodná (slovenská)
|2 lita
|
| 958 |
|
|
|a article15
|
| 958 |
|
|
|a OND
|
| 958 |
|
|
|a EUIPO
|
| 999 |
|
|
|c 2992613
|d 2994543
|